000 00740 a2200217 4500
999 _c1262
_d1262
020 _a1559342196
050 0 0 _aGV341.SIE 1994
100 1 _aSiedentop, Daryl.
245 1 0 _aIntroduction to physical education, fitness, and sport /
_cDaryl Siedentop.
250 _a2nd ed.
264 _aLondon:
_bMayfield publishing company.,
_c1994
300 _axxi, 389 p. :
_bill. ;
500 _aincludes index.
504 _aIncludes bibliographical references (p. 373-382)
650 0 _aPhysical education and training.
650 0 _aPhysical fitness.
650 0 _aSports.
650 0 _aSports sciences.
942 _2lcc
_cBK
_h341
_iSIE
_kGV